000 00465nam a2200181Ia 4500
001 23084
005 20260414150914.0
008 260414t2009||||xx |||||||||||||| ||spa||
041 _aESP
082 _a624.1834
_bI59D
110 _aInstituto Mexicano del Cemento y del Concreto
245 0 _aGuía para el curado del concreto ACI 308-01
_b
260 _c2009
300 _a52 páginas :
_c28 cm.
650 _a0
654 _aCIC
942 _cLIB
_dJUS
_fJUS
_2ddc
_n
999 _c23084
_d23084